| 000 | 00703nam a2200229 a 4500 | ||
|---|---|---|---|
| 001 | BRCA_4362 | ||
| 005 | 20190320204637.0 | ||
| 008 | 120410s1890----gw-a######---#000-0#ger-# | ||
| 041 | _ager | ||
| 044 | _agw | ||
| 050 | 4 |
_aF1215 _b.H47 1 _c1890 |
|
| 100 | 1 |
_aHesse-Wartegg, Ernst von _910654 |
|
| 245 | 1 | 0 |
_aMexico Land und Leute _bReisen auf Neuen Wegen durch das Aztekenland _cvon Ernst von Hesse-Wartegg. |
| 260 |
_aWien _bEd. Hölzel _c1890 |
||
| 300 |
_aviii, 463 p. _bil., mapa plegable a color _c24 cm. |
||
| 500 | _aEjemplar igual a C149 y CDE37 | ||
| 500 | _aB144 | ||
| 650 | 1 | 4 |
_aviajeros austriacos _98181 |
| 651 | 4 |
_aMéxico _xDescripción y viajes _9103 |
|
| 902 | _aGFM | ||
| 942 |
_2lcc _cB |
||
| 999 |
_c4073 _d4073 |
||